<?xml version="1.0" encoding="UTF-8"?>
<record
    xmlns:xsi="http://www.w3.org/2001/XMLSchema-instance"
    xsi:schemaLocation="http://www.loc.gov/MARC21/slim http://www.loc.gov/standards/marcxml/schema/MARC21slim.xsd"
    xmlns="http://www.loc.gov/MARC21/slim">

  <leader>01369nam a22002537a 4500</leader>
  <controlfield tag="005">20170124103105.0</controlfield>
  <datafield tag="010" ind1=" " ind2=" ">
    <subfield code="a">B-136484</subfield>
  </datafield>
  <datafield tag="020" ind1=" " ind2=" ">
    <subfield code="c">400.00</subfield>
    <subfield code="a">8170544106</subfield>
  </datafield>
  <datafield tag="035" ind1=" " ind2=" ">
    <subfield code="a">B-136484</subfield>
  </datafield>
  <datafield tag="037" ind1=" " ind2=" ">
    <subfield code="b">Cen Lib/Ret</subfield>
  </datafield>
  <datafield tag="040" ind1=" " ind2=" ">
    <subfield code="a">DPL</subfield>
    <subfield code="b">HN</subfield>
  </datafield>
  <datafield tag="082" ind1=" " ind2=" ">
    <subfield code="a">821.08</subfield>
    <subfield code="b">&#x924;&#x93F;&#x935;&#x93E;&#x930;&#x940; </subfield>
  </datafield>
  <datafield tag="100" ind1=" " ind2=" ">
    <subfield code="a">&#x924;&#x93F;&#x935;&#x93E;&#x930;&#x940;, &#x92C;&#x93E;&#x932;&#x947;&#x928;&#x94D;&#x926;&#x941; &#x936;&#x947;&#x916;&#x930; </subfield>
    <subfield code="9">44709</subfield>
  </datafield>
  <datafield tag="245" ind1=" " ind2=" ">
    <subfield code="a">&#x935;&#x938;&#x94D;&#x924;&#x941;&#x928;&#x93F;&#x937;&#x94D;&#x920; &#x915;&#x93E;&#x935;&#x94D;&#x92F;&#x936;&#x93E;&#x938;&#x94D;&#x924;&#x94D;&#x930; :</subfield>
    <subfield code="c">&#x92C;&#x93E;&#x932;&#x947;&#x928;&#x94D;&#x926;&#x941; &#x936;&#x947;&#x916;&#x930; &#x924;&#x93F;&#x935;&#x93E;&#x930;&#x940; </subfield>
    <subfield code="b">&#x938;&#x902;&#x92A;&#x942;&#x930;&#x94D;&#x923; &#x92D;&#x93E;&#x930;&#x924;&#x940;&#x92F; &#x92A;&#x93E;&#x936;&#x94D;&#x91A;&#x93E;&#x924;&#x94D;&#x92F; &#x915;&#x93E;&#x935;&#x94D;&#x92F; &#x91A;&#x93F;&#x902;&#x924;&#x928; /</subfield>
  </datafield>
  <datafield tag="246" ind1=" " ind2=" ">
    <subfield code="a">Vastunshth kavyashastra : sampoorna bhariya pashchatya kavya chintan /</subfield>
    <subfield code="b">by Baalendu Shekhar Tiwari </subfield>
  </datafield>
  <datafield tag="260" ind1=" " ind2=" ">
    <subfield code="a">&#x928;&#x92F;&#x940; &#x926;&#x93F;&#x932;&#x94D;&#x932;&#x940; </subfield>
    <subfield code="b">&#x915;&#x94D;&#x932;&#x93E;&#x938;&#x93F;&#x915;&#x932; &#x92A;&#x92C;&#x94D;&#x932;&#x93F;&#x936;&#x93F;&#x902;&#x917; &#x915;&#x902;&#x92A;&#x928;&#x940; </subfield>
    <subfield code="c">2005</subfield>
  </datafield>
  <datafield tag="270" ind1=" " ind2=" ">
    <subfield code="b">&#x928;&#x92F;&#x940; &#x926;&#x93F;&#x932;&#x94D;&#x932;&#x940; </subfield>
    <subfield code="a">28, &#x936;&#x94B;&#x92A;&#x93F;&#x902;&#x917; &#x915;&#x93E;&#x92E;&#x94D;&#x92A;&#x94D;&#x932;&#x947;&#x915;&#x94D;&#x938;, &#x915;&#x94D;&#x930;&#x94D;&#x92E;&#x94D;&#x92A;&#x941;&#x930;&#x940; </subfield>
    <subfield code="e">110028</subfield>
  </datafield>
  <datafield tag="300" ind1=" " ind2=" ">
    <subfield code="a">140&#x92A;&#x943;.</subfield>
    <subfield code="c">20&#x938;&#x947;&#x92E;&#x940;(&#x938;&#x91C;&#x93F;&#x932;&#x94D;&#x926; ) </subfield>
  </datafield>
  <datafield tag="650" ind1=" " ind2=" ">
    <subfield code="a"> &#x938;&#x93E;&#x939;&#x93F;&#x924;&#x94D;&#x92F;--&#x915;&#x93E;&#x935;&#x94D;&#x92F;&#x936;&#x93E;&#x938;&#x94D;&#x924;&#x94D;&#x930; </subfield>
    <subfield code="x"> </subfield>
    <subfield code="9">78030</subfield>
  </datafield>
  <datafield tag="650" ind1=" " ind2=" ">
    <subfield code="a">&#x939;&#x93F;&#x902;&#x926;&#x940;--&#x915;&#x93E;&#x935;&#x94D;&#x92F;&#x936;&#x93E;&#x938;&#x94D;&#x924;&#x94D;&#x930; </subfield>
    <subfield code="9">111481</subfield>
  </datafield>
  <datafield tag="650" ind1=" " ind2=" ">
    <subfield code="a">Literature--Poetics</subfield>
    <subfield code="9">78032</subfield>
  </datafield>
  <datafield tag="650" ind1=" " ind2=" ">
    <subfield code="a">Hindi--Poetics</subfield>
    <subfield code="9">78033</subfield>
  </datafield>
  <datafield tag="942" ind1=" " ind2=" ">
    <subfield code="2">ddc</subfield>
    <subfield code="c">HN</subfield>
    <subfield code="h">821.08</subfield>
    <subfield code="m">&#x924;&#x93F;&#x935;&#x93E;&#x930;&#x940; </subfield>
  </datafield>
  <datafield tag="999" ind1=" " ind2=" ">
    <subfield code="c">118031</subfield>
    <subfield code="d">118031</subfield>
  </datafield>
  <datafield tag="952" ind1=" " ind2=" ">
    <subfield code="0">0</subfield>
    <subfield code="1">0</subfield>
    <subfield code="4">0</subfield>
    <subfield code="7">0</subfield>
    <subfield code="a">L</subfield>
    <subfield code="b">L</subfield>
    <subfield code="d">2015-09-09</subfield>
    <subfield code="e">Cen Lib/Ref</subfield>
    <subfield code="g">400.00</subfield>
    <subfield code="l">3</subfield>
    <subfield code="m">2</subfield>
    <subfield code="o">821.08 &#x924;&#x93F;&#x935;&#x93E;&#x930;&#x940;</subfield>
    <subfield code="p">B-136484</subfield>
    <subfield code="r">2017-11-10 00:00:00</subfield>
    <subfield code="s">2017-10-16</subfield>
    <subfield code="t">1</subfield>
    <subfield code="v">400.00</subfield>
    <subfield code="w">2016-09-15</subfield>
    <subfield code="y">HN</subfield>
  </datafield>
  <datafield tag="952" ind1=" " ind2=" ">
    <subfield code="0">0</subfield>
    <subfield code="1">0</subfield>
    <subfield code="2">ddc</subfield>
    <subfield code="4">0</subfield>
    <subfield code="7">0</subfield>
    <subfield code="8">NFIC</subfield>
    <subfield code="a">ZLS</subfield>
    <subfield code="b">ZLS</subfield>
    <subfield code="d">2018-07-27</subfield>
    <subfield code="l">4</subfield>
    <subfield code="m">4</subfield>
    <subfield code="o">821.08 &#x924;&#x93F;&#x935;&#x93E;&#x930;&#x940;</subfield>
    <subfield code="p">B-136486</subfield>
    <subfield code="r">2019-10-23 00:00:00</subfield>
    <subfield code="s">2019-10-07</subfield>
    <subfield code="w">2018-07-27</subfield>
    <subfield code="y">HN</subfield>
    <subfield code="z">Withdrawn List Prepared List No.37/11</subfield>
  </datafield>
  <datafield tag="952" ind1=" " ind2=" ">
    <subfield code="0">0</subfield>
    <subfield code="1">0</subfield>
    <subfield code="2">ddc</subfield>
    <subfield code="4">0</subfield>
    <subfield code="7">0</subfield>
    <subfield code="8">NFIC</subfield>
    <subfield code="a">BL1</subfield>
    <subfield code="b">BL1</subfield>
    <subfield code="d">2018-09-02</subfield>
    <subfield code="e">BPPD/Pub</subfield>
    <subfield code="g">400.00</subfield>
    <subfield code="l">2</subfield>
    <subfield code="o">821.08 &#x924;&#x93F;&#x935;&#x93E;&#x930;&#x940;</subfield>
    <subfield code="p">B-136485</subfield>
    <subfield code="r">2019-08-12 00:00:00</subfield>
    <subfield code="s">2019-07-23</subfield>
    <subfield code="v">400.00</subfield>
    <subfield code="w">2018-09-02</subfield>
    <subfield code="y">HN</subfield>
  </datafield>
</record>
